| 000 | 00750nam a22001817a 4500 | ||
|---|---|---|---|
| 999 |
_c15094 _d15094 |
||
| 003 | OSt | ||
| 082 | _2664 DIL/DE | ||
| 088 | _aT 316 | ||
| 100 |
_aDILEEP SEAN, Y _93493 |
||
| 245 | _aDevelopment and evaluation of an ultraviolet radiation assisted with ohmic heating system for preservation of pineapple juice | ||
| 260 |
_aTavanur 2015 _bDepartment of Food and Agricultural Process Engineering |
||
| 300 | _a89 | ||
| 500 | _aDevelopment and evaluation of an ultraviolet radiation assisted with ohmic heating system for preservation of pineapple juice | ||
| 520 | _aohmic heating is a promising technology | ||
| 700 |
_aDr. Prince M. V (Guide) _93452 |
||
| 856 | _uhttps://drive.google.com/open?id=1EJNjY0ZS5966mn2WpBPGsQQA9QgSmZ6g | ||
| 942 | _cTH | ||